| 000 | 00774nam a2200289Ia 4500 | ||
|---|---|---|---|
| 008 | 171025s9999 xx 000 0 und d | ||
| 020 | _a9788183568647 | ||
| 050 | _a380 | ||
| 050 | _bS953 2011 | ||
| 100 | _aSulochana, Mabel | ||
| 245 | _aProduction and marketing of coconut / | ||
| 245 | _cby Mabel Sulochana and X. Anthony Thanaraj. | ||
| 250 | _aFirst edition | ||
| 260 | _aNew Delhi : | ||
| 260 | _bDiscovery Pub House, | ||
| 260 | _c2011 | ||
| 300 | _a208 pages : | ||
| 300 | _billustrations ; | ||
| 300 | _c22cm. | ||
| 500 | _aIncludes bibliographic reference and index. | ||
| 650 | _aCoconut products -- | ||
| 650 | _aCoconut products -- | ||
| 650 | _xIndia. | ||
| 650 | _xMarketing. | ||
| 700 | _aThanaraj, X. Anthony. | ||
| 700 | _aTitle. | ||
| 999 |
_c344469 _d344469 |
||